| 000 | 00861cam a22002773a 4500 | ||
|---|---|---|---|
| 001 | 542 | ||
| 003 | PGUSA | ||
| 005 | 20140828082949.0 | ||
| 008 | 960501s1996||||xxu|||||s|||||000 | eng d | ||
| 040 |
_aPGUSA _beng |
||
| 042 | _adc | ||
| 050 | 4 | _aCT | |
| 050 | 4 | _aF350.5 | |
| 100 | 1 |
_aJohnson, Clarence Edgar, _d1906-1994 |
|
| 245 | 1 | 4 |
_aThe Life of Me : _bAn Autobiography _h[electronic resource] / _cClarence Edgar Johnson |
| 260 |
_bProject Gutenberg, _c1996 |
||
| 506 | _aCopyrighted. Read the copyright notice inside this book for details. | ||
| 516 | _aElectronic text | ||
| 653 | _aFisher County (Tex.) -- Biography | ||
| 653 | _aFisher County (Tex.) -- History | ||
| 653 | _aJohnson family | ||
| 653 | _aJohnson, Clarence Edgar, 1906-1994 | ||
| 830 | 0 |
_aProject Gutenberg _v542 |
|
| 856 | 4 | 0 | _uhttp://www.gutenberg.org/ebooks/542 |
| 942 | _cEB | ||
| 999 |
_c229893 _d229893 |
||